| 000 | 00781cas a22002295a 4500 | ||
|---|---|---|---|
| 001 | BD-DhSAU 6650 | ||
| 003 | BD-DhSAU | ||
| 005 | 20150510154403.0 | ||
| 008 | 090720c20079999bg ar s 0 0eng | ||
| 040 | _aBD-DhSAU | ||
| 082 |
_222 _a658.195492 _bBAN |
||
| 245 | 0 | 0 | _aBangladesh microfinance statistics. / |
| 260 |
_bCredit and Development Forum : _bInstitute of Microfinance, _c2007. |
||
| 300 |
_av, 197 p. : _c29 cm. |
||
| 590 | _atamanna | ||
| 650 | 0 |
_aMicrofinance _zBangladesh _vStatistics _vPeriodicals. |
|
| 650 | 0 | _aagronomy | |
| 650 | 0 |
_aMicrofinance _zBangladesh _vPeriodicals. |
|
| 710 | 2 | _aCredit and Development Forum (Bangladesh) | |
| 710 | 2 | _aInstitute of Microfinance (Bangladesh) | |
| 780 | 0 | 0 |
_tCDF microfinance statistics _w(DLC) 2006541692 _w(OCoLC)225977790 |
| 942 |
_2ddc _cBOOK |
||
| 999 |
_c6650 _d6650 |
||